| 000 | 00675nam a2200181 i 4500 | ||
|---|---|---|---|
| 001 | 160850 | ||
| 003 | ES-MaACL | ||
| 005 | 20230906212135.0 | ||
| 008 | 041004s1874 xxk |||| | eng d | ||
| 040 |
_aCAM _bspa _cCAM |
||
| 100 | 1 |
_aNutt, John William. _9130553 |
|
| 245 | 1 | 0 |
_aA sketch of Samaritan History, dogma and literature, _b: published as an introduction to "Fragments of a Samaritan Targum, edited form a Bodleian ms." / _cby John W. Nutt. |
| 260 |
_aLondon : _bTrübner and Co., _c1874. |
||
| 300 |
_aVIII, 172 p. ; _c23 cm. |
||
| 630 | 0 |
_aBiblia. _pA.T. _pPentateuco. _9160615 |
|
| 650 | 4 |
_aSamaritanos. _9160614 |
|
| 852 |
_aES-MaACL _jG-11495 _z-- Enc. Tela |
||
| 999 |
_c160850 _d160850 |
||